Κάστρων περίπλους = Castrorum circumnavigation
Αποθηκεύτηκε σε:
| Συγγραφή απο Οργανισμό/Αρχή: | |
|---|---|
| Μορφή: | Βιβλίο |
| Γλώσσα: | Greek English |
| Δημοσίευση: |
Αθήνα :
Ταμείο Αρχαιολογικών Πόρων,
2008.
|
| Θέματα: | |
| Ετικέτες: |
Προσθήκη ετικέτας
Δεν υπάρχουν, Καταχωρήστε ετικέτα πρώτοι!
|
MARC
| LEADER | 00000cam a2200000 i 4500 | ||
|---|---|---|---|
| 001 | 1/48884 | ||
| 008 | 140605s2008####gr | | ||| |||| ||gre|| | ||
| 020 | |a 9789602147337 | ||
| 035 | |l 10117902 | ||
| 040 | |a GR-MY-UA |b gre |e aacr | ||
| 041 | 0 | |a gre |h eng | |
| 082 | 0 | |a 728.8109495 |2 (23) | |
| 110 | 2 | |a Υπουργείο Πολιτισμού |b Ταμείο Αρχαιολογικών Πόρων |b Διεύθυνση Αποτυπώσεων. | |
| 245 | 1 | 0 | |a Κάστρων περίπλους = |b Castrorum circumnavigation / |c Υπουργείο Πολιτισμού, Ταμείο Αρχαιολογικών Πόρων, Διεύθυνση Αποτυπώσεων = |c Hellenic Ministry of Culture, Archaeological Receipts Fund, Directorate of Protractions. |
| 246 | 1 | |i Παράλληλος τίτλος: |a Castrorum circumnavigatio | |
| 260 | |a Αθήνα : |b Ταμείο Αρχαιολογικών Πόρων, |c 2008. | ||
| 300 | |a 182 σ. : |b εικ. ; |c 22 εκ. | ||
| 650 | 0 | 0 | |a Castles |z Greece. |
| 852 | |a INST |b LESVOS |e 20140605 |h 728.8109495 ΥΠΟ |p 005100054334 |q 005100054334 |t BK |y 0 | ||
| 901 | |a BIBL1-2014-2 | ||
| 909 | |a Λ |b 189758 | ||
| 970 | |a ΤΖΑΦΕΡΗ |b ΕΥΑΓΓΕΛΙΑ |z 2014/06/05 | ||